000 00474nam a2200169Ia 4500
003 GCL
008 140319s9999 xx 000 0 eng d
040 _aGCL /
_cGCL
082 0 4 _a621.9023
_bH C
100 1 _aHORATH, LARRY
245 1 0 _aCOMPUTER NUMERICAL CONTROL PROGRAMMING OF MACHINES /
_cHORATH, LARRY
260 _a[S.N] :
_bMACMILLAN PUBLISHING COMPANY ،
_c1993
300 _a268 P
650 0 4 _aMACHINE - TOOLS
650 0 4 _aNUMERICAL CONTROL
942 _2ddc
_cBK
999 _c18109
_d18109